[Event "TCh-TUR 2nd League 2011"]
[Site "Konya TUR"]
[Date "2011.07.05"]
[Round "2"]
[White "Savas, Levent"]
[Black "Ozkan, Ervin"]
[Result "0-1"]
[WhiteElo "2123"]
[BlackElo "2219"]
[WhiteTeam "Dobruca Istanbul"]
[BlackTeam "Ceyhan Belediye Adana"]
[WhiteFideId "6300456"]
[BlackFideId "6306004"]
[EventDate "2011.07.04"]

1. e4 c6 2. d4 d5 3. exd5 cxd5 4. Bd3 Nc6 5. c3 Qc7 6. h3 Nf6 7. Nf3 g6 8. O-O
Bg7 9. Re1 O-O 10. b4 a6 11. a4 Nh5 12. Na3 e5 13. b5 e4 14. bxc6 Qxc6 15. Bc2
exf3 16. Qxf3 Be6 17. Rb1 Rac8 18. Bd2 Nf6 19. Rb4 Rfe8 20. Nb1 Ne4 21. Rxe4
dxe4 22. Bxe4 Qd7 23. Rxb7 Qxa4 24. d5 Bd7 25. Rb4 Qa2 26. Rb7 Rcd8 27. Bg5 f5
28. Bd3 Bc8 29. Rxg7+ Kxg7 30. Bxd8 Rxd8 31. c4 Qb2 32. Qe3 Kf7 33. Qc5 Qc1+ 34.
Kh2 Qf4+ 35. g3 Qe5 36. Nd2 Qe7 37. Qd4 Qf6 38. Nf3 Qxd4 39. Nxd4 Bb7 40. Kg2
Ke7 41. g4 fxg4 42. hxg4 Kd6 43. Kg3 Re8 44. Ne6 Re7 45. f4 Bc8 46. f5 Bxe6 47.
dxe6 gxf5 48. gxf5 Ke5 49. Kg4 Rg7+ 50. Kf3 h5 51. c5 Kf6 52. Ke4 h4 53. Bxa6 h3
54. Be2 h2 55. Bf3 Rg3 56. Bh1 Rg1 57. Bf3 Rf1 58. Bg2 Rxf5 59. e7 Re5+ 60. Kf3
Kxe7 61. Kg3 Rh5 62. Bh1 Kd7 63. c6+ Kc7 64. Kg4 Rh8 65. Kg3 Rh6 66. Kf2 Rh7 67.
Kg3 Kd6 68. Kg4 Rh6 69. Kg3 Kc7 70. Kf2 Rg6 71. Bg2 Kd6 72. Kf1 Rf6+ 73. Ke2 Rh6
74. Bh1 Rg6 0-1

[Event "TCh-TUR 2nd League 2011"]
[Site "Konya TUR"]
[Date "2011.07.05"]
[Round "2"]
[White "Ertan, Can"]
[Black "Yapici, Mustafa"]
[Result "1-0"]
[WhiteElo "2201"]
[BlackElo "1884"]
[WhiteTeam "Ceyhan Belediye Adana"]
[BlackTeam "Dobruca Istanbul"]
[WhiteFideId "6306330"]
[BlackFideId "6305954"]
[EventDate "2011.07.04"]

1. e4 Nf6 2. e5 Nd5 3. d4 d6 4. Nf3 Bg4 5. Be2 e6 6. O-O Be7 7. h3 Bh5 8. c4 Nb6
9. Nc3 dxe5 10. Nxe5 Bxe2 11. Qxe2 O-O 12. Rd1 c6 13. Be3 N8d7 14. Nf3 Nf6 15.
Rac1 Re8 16. b3 Ba3 17. Rc2 a5 18. c5 Nbd5 19. Bg5 Nxc3 20. Rxc3 Qd5 21. Bxf6
gxf6 22. Nd2 Bb4 23. Rg3+ Kf8 24. Nc4 Rad8 25. a3 Bxc5 26. Ne3 Qxb3 27. dxc5
Rxd1+ 28. Qxd1 Qxd1+ 29. Nxd1 Rd8 30. Ne3 f5 31. Nc4 Rd1+ 32. Kh2 a4 33. Nb2 Rd2
34. Nxa4 Rxf2 35. Rb3 e5 36. Rxb7 f4 37. Kg1 Ra2 38. Rb3 e4 39. Nc3 Ra1+ 40. Rb1
Rxa3 41. Nxe4 Re3 42. Rb4 Ke7 43. Nd6 Rc3 44. Re4+ Kd7 45. Nc4 1-0

[Event "TCh-TUR 2nd League 2011"]
[Site "Konya TUR"]
[Date "2011.07.05"]
[Round "2"]
[White "Khurtsilava, Inga"]
[Black "Batsiashvili, Nino"]
[Result "0-1"]
[WhiteTitle "WIM"]
[BlackTitle "WGM"]
[WhiteElo "2289"]
[BlackElo "2381"]
[WhiteTeam "Dobruca Istanbul"]
[BlackTeam "Ceyhan Belediye Adana"]
[WhiteFideId "13600419"]
[BlackFideId "13602993"]
[EventDate "2011.07.04"]

1. d4 d5 2. Nf3 Nf6 3. e3 g6 4. c4 Bg7 5. Nc3 O-O 6. Qb3 c6 7. Ne5 Qb6 8. cxd5
Qxb3 9. axb3 Nxd5 10. Bd2 Bxe5 11. Nxd5 cxd5 12. dxe5 Nc6 13. Bc3 Rd8 14. Ra4
Bf5 15. Bb5 Bc2 16. Bxc6 bxc6 17. Ra3 c5 18. Kd2 Bf5 19. Rha1 Rd7 20. Ra4 Rb8
21. R1a3 Rbb7 22. Kc1 Bd3 23. b4 Bb5 24. bxc5 Bxa4 25. Rxa4 Rdc7 26. Bd4 Rc6 27.
Kc2 Kf8 28. b4 a6 29. Kd3 Ke8 30. Bc3 Kd7 31. Kd4 e6 32. Ra1 Kc8 33. g4 Rb5 34.
e4 dxe4 35. Kc4 Rb7 36. Re1 Rd7 37. Bd4 Kb7 38. Rxe4 Rc8 39. Re2 Rcd8 40. Be3
Rd5 41. Ra2 Ra8 42. f4 Rd1 43. Ra3 h5 44. h3 h4 45. f5 gxf5 46. gxf5 exf5 47.
Bg5 Rg8 48. Bxh4 Rg2 49. Rf3 Re2 50. Bg5 Rxe5 51. h4 Rb1 52. Bd2 Re4+ 53. Kc3
Rexb4 54. Rxf5 Kc6 55. Rxf7 Kxc5 56. Rf5+ Kc6 57. h5 Rh4 58. h6 Rbh1 59. Rf6+
Kb5 60. Rf5+ Ka4 61. Kb2 Rh5 62. Rf4+ Kb5 63. Rb4+ Kc5 64. Ra4 R1h2 65. Kc1 Kb5
66. Rb4+ Kc6 67. Be3 a5 68. Rc4+ Kb5 69. Rc8 a4 70. Rb8+ Kc4 71. Bd2 Rb5 72.
Rc8+ Rc5 73. Rd8 Kb3+ 74. Kd1 Rh1+ 75. Ke2 a3 76. Rb8+ Kc2 77. Be3 Rc3 78. Bd4
Rh2+ 79. Ke1 Rb3 80. Rxb3 Kxb3 81. Bg7 a2 82. Kf1 Rxh6 0-1

[Event "TCh-TUR 2nd League 2011"]
[Site "Konya TUR"]
[Date "2011.07.05"]
[Round "2"]
[White "Uysal, Burak"]
[Black "Serin, Sarper"]
[Result "1-0"]
[WhiteElo "1805"]
[BlackElo "1745"]
[WhiteTeam "Dobruca Istanbul"]
[BlackTeam "Ceyhan Belediye Adana"]
[WhiteFideId "6339387"]
[BlackFideId "6311709"]
[EventDate "2011.07.04"]

1. e4 e5 2. Nf3 Nc6 3. Bb5 a6 4. Ba4 Nf6 5. O-O b5 6. Bb3 Nxe4 7. d4 d5 8. dxe5
Be6 9. Nbd2 Nc5 10. c3 Be7 11. Bc2 Qd7 12. Nb3 Ne4 13. Qe2 Bf5 14. Nbd4 Bg6 15.
e6 fxe6 16. Nxc6 Qxc6 17. Ne5 Qd6 18. Bf4 O-O 19. Nxg6 Rxf4 20. Nxf4 Qxf4 21.
Bxe4 dxe4 22. Rae1 Bd6 23. g3 Qf5 24. Qxe4 Qxe4 25. Rxe4 Kf7 26. f4 Rd8 27. Rfe1
Re8 28. Kg2 Kf6 29. Kf3 Bc5 30. g4 Bd6 31. h4 Kf7 32. h5 a5 33. g5 b4 34. c4 g6
35. h6 a4 36. b3 a3 37. Rd4 Rd8 38. c5 Be7 39. Rxd8 Bxd8 40. Rd1 1-0

[Event "TCh-TUR 2nd League 2011"]
[Site "Konya TUR"]
[Date "2011.07.05"]
[Round "2"]
[White "Aksoy, Ayca"]
[Black "Gundogan, Ecem"]
[Result "1-0"]
[WhiteElo "1678"]
[BlackElo "1514"]
[WhiteTeam "Ceyhan Belediye Adana"]
[BlackTeam "Dobruca Istanbul"]
[WhiteFideId "6355978"]
[BlackFideId "6327079"]
[EventDate "2011.07.04"]

1. e4 c6 2. d4 d5 3. exd5 cxd5 4. Bd3 Nc6 5. c3 g6 6. Nf3 Bf5 7. Bf4 Bxd3 8.
Qxd3 e6 9. Nbd2 Bd6 10. Bg3 h5 11. Bxd6 Qxd6 12. Qe3 Nh6 13. Qg5 Nf5 14. h4 Qe7
15. O-O-O O-O-O 16. Qxe7 Nfxe7 17. Ng5 Rhf8 18. Rde1 Rd6 19. f3 Nd8 20. g4 f6
21. Nh3 hxg4 22. fxg4 Rh8 23. Nf4 Kd7 24. Nf3 Nf7 25. Rh2 g5 26. Nh5 Ng8 27.
hxg5 fxg5 28. Ne5+ Ke8 29. Nxf7 Kxf7 30. Re5 Nf6 31. Rxg5 Rdd8 32. Rf2 1-0

[Event "TCh-TUR 2nd League 2011"]
[Site "Konya TUR"]
[Date "2011.07.05"]
[Round "2"]
[White "Zhigalko, Sergei"]
[Black "Ipek, Ali"]
[Result "1-0"]
[WhiteTitle "GM"]
[BlackTitle "FM"]
[WhiteElo "2689"]
[BlackElo "2169"]
[WhiteTeam "Kahramanmaras Belediye"]
[BlackTeam "Kocaeli Buyuksehir Kagit"]
[WhiteFideId "13502956"]
[BlackFideId "6300111"]
[EventDate "2011.07.04"]

1. e4 c5 2. Nf3 e6 3. c3 d5 4. e5 Nc6 5. d4 Qb6 6. a3 Bd7 7. b4 cxd4 8. cxd4
Nge7 9. Nc3 Nf5 10. Na4 Qd8 11. Bb2 Be7 12. Bd3 g6 13. O-O h5 14. Nc5 Bc8 15.
Rc1 Kf8 16. Qe2 Kg7 17. Rc2 Rh7 18. Rfc1 Kh8 19. Bb5 a5 20. bxa5 Nxa5 21. Bc3
Rg7 22. a4 Rg8 23. h3 Kg7 24. Bxa5 Qxa5 25. Nb3 Qb4 26. Qd3 Rd8 27. Rc7 h4 28.
Kh2 Bf8 29. g4 hxg3+ 30. fxg3 Be7 31. g4 Nh4 32. Rf1 Rf8 33. Nxh4 Bxh4 34. Qf3
Be7 35. Nc5 Qd2+ 36. Rf2 Qg5 37. Nd3 Kg8 38. Nf4 f5 39. Rxe7 Qxe7 40. Nxg6 Qf7
41. gxf5 exf5 42. Rg2 Be6 43. Qh5 1-0

[Event "TCh-TUR 2nd League 2011"]
[Site "Konya TUR"]
[Date "2011.07.05"]
[Round "2"]
[White "Guctekin, Nuri"]
[Black "Isik, Engin Yasar"]
[Result "0-1"]
[WhiteElo "2105"]
[BlackElo "2215"]
[WhiteTeam "Kocaeli Buyuksehir Kagit"]
[BlackTeam "Kahramanmaras Belediye"]
[WhiteFideId "6318444"]
[BlackFideId "6301886"]
[EventDate "2011.07.04"]

1. Nf3 Nf6 2. d4 g6 3. Nbd2 d5 4. e3 Bg7 5. Bd3 O-O 6. O-O Nbd7 7. c4 c5 8. b3
cxd4 9. exd4 Nh5 10. Re1 Nc5 11. Nf1 Nxd3 12. Qxd3 Bf5 13. Qc3 Rc8 14. Ba3 Re8
15. Ne3 Be4 16. Ng5 e5 17. Nxe4 exd4 18. Qb4 dxe3 19. Nd6 exf2+ 20. Kxf2 Qh4+
21. Kf1 Qf4+ 22. Kg1 Bd4+ 23. Kh1 Ng3+ 0-1

[Event "TCh-TUR 2nd League 2011"]
[Site "Konya TUR"]
[Date "2011.07.05"]
[Round "2"]
[White "Ozturk, Emir"]
[Black "Acuner, Emrah"]
[Result "1-0"]
[WhiteElo "2190"]
[BlackElo "1966"]
[WhiteTeam "Kahramanmaras Belediye"]
[BlackTeam "Kocaeli Buyuksehir Kagit"]
[WhiteFideId "6302408"]
[BlackFideId "6303706"]
[EventDate "2011.07.04"]

1. d4 Nf6 2. c4 d6 3. Nc3 Nbd7 4. Nf3 g6 5. e4 e5 6. d5 Bg7 7. Be2 O-O 8. Bg5 h6
9. Bh4 g5 10. Bg3 Nc5 11. Nd2 a5 12. O-O Bd7 13. b3 c6 14. a3 Qc8 15. Rc1 Ne8
16. b4 axb4 17. axb4 Na6 18. dxc6 bxc6 19. c5 dxc5 20. Nc4 Qc7 21. b5 cxb5 22.
Nd5 Qd8 23. Nxe5 Bxe5 24. Bxe5 f6 25. Bb2 Bc6 26. f4 Bxd5 27. exd5 Nd6 28. Qc2
Qd7 29. fxg5 f5 30. Qc3 Qh7 31. gxh6 Qxh6 32. Rf3 Ne4 33. Qe1 c4 34. Rd1 Qg6 35.
Rh3 Rf6 36. Qh4 Raf8 37. Bxf6 Nxf6 38. Rg3 1-0

[Event "TCh-TUR 2nd League 2011"]
[Site "Konya TUR"]
[Date "2011.07.05"]
[Round "2"]
[White "Orak, Ersin"]
[Black "Yalim, Suleyman"]
[Result "0-1"]
[WhiteElo "1962"]
[BlackElo "2129"]
[WhiteTeam "Kocaeli Buyuksehir Kagit"]
[BlackTeam "Kahramanmaras Belediye"]
[WhiteFideId "6304060"]
[BlackFideId "6301665"]
[EventDate "2011.07.04"]

1. b3 d5 2. Bb2 Nf6 3. f4 c5 4. e3 Nc6 5. Bb5 Qb6 6. Bxc6+ bxc6 7. d3 c4 8. dxc4
Ng4 9. Qe2 Nxe3 10. Nf3 Bg4 11. Bd4 Nxg2+ 12. Qxg2 Bxf3 13. Qxf3 Qxd4 14. c3 Qb6
15. Nd2 e6 16. O-O-O g6 17. Rhe1 Bg7 18. f5 gxf5 19. Qxf5 O-O 20. Qh3 Qa5 21.
Rg1 Qc7 22. Nf3 Qf4+ 23. Rd2 Qe3 24. Qg3 Qxc3+ 25. Kd1 Kh8 26. Rdg2 Bf6 27. Nd2
Qxg3 28. Rxg3 Rg8 29. cxd5 cxd5 30. Rf1 Rxg3 31. hxg3 Kg7 32. Rf3 Rc8 33. b4 e5
34. a4 e4 35. Rb3 Re8 36. Ke2 d4 37. b5 d3+ 38. Kd1 Bg5 39. Nf1 Rc8 40. Ke1 Rc1+
41. Kf2 Rc2+ 42. Ke1 Re2+ 43. Kd1 Rf2 44. Ke1 d2+ 45. Nxd2 Rxd2 46. a5 Rd7 47.
b6 axb6 48. Rxb6 Bd2+ 0-1

[Event "TCh-TUR 2nd League 2011"]
[Site "Konya TUR"]
[Date "2011.07.05"]
[Round "2"]
[White "Atman, Berkan"]
[Black "Benidze, Davit"]
[Result "0-1"]
[BlackTitle "IM"]
[WhiteElo "1970"]
[BlackElo "2514"]
[WhiteTeam "Kocaeli Buyuksehir Kagit"]
[BlackTeam "Kahramanmaras Belediye"]
[WhiteFideId "6306632"]
[BlackFideId "13603086"]
[EventDate "2011.07.04"]

1. Nf3 Nf6 2. g3 d5 3. Bg2 g6 4. c4 dxc4 5. Qa4+ Nbd7 6. Qxc4 Bg7 7. O-O O-O 8.
d3 a6 9. Nc3 b5 10. Qb3 Bb7 11. Bf4 c5 12. Rac1 Rc8 13. a3 Qb6 14. Rfd1 e6 15.
h3 Nd5 16. Bd2 c4 17. dxc4 Nc5 18. Qc2 bxc4 19. Nxd5 Bxd5 20. Bb4 a5 21. Bxc5
Rxc5 22. e4 Bb7 23. b4 axb4 24. axb4 Rc7 25. Rb1 c3 26. Ne1 Rc4 27. Nd3 Bc6 28.
Kh2 Ba4 29. Qxa4 c2 30. Rdc1 cxb1=Q 31. Rxb1 Rd8 32. Rb3 Bc3 33. Nb2 Rxb4 34.
Nc4 Rxb3 35. Nxb6 Rxb6 36. Qc4 Bd4 37. f4 Rbb8 38. e5 Rb2 39. h4 Bb6 40. Kh3
Rdd2 41. Bf3 Rh2+ 42. Kg4 Kg7 43. Qc8 Rbd2 44. f5 exf5+ 45. Kg5 Be3# 0-1

[Event "TCh-TUR 2nd League 2011"]
[Site "Konya TUR"]
[Date "2011.07.05"]
[Round "2"]
[White "Ozdover, Mustafa Berkay"]
[Black "Gor, Onur"]
[Result "1-0"]
[WhiteElo "1842"]
[BlackElo "1926"]
[WhiteTeam "Kahramanmaras Belediye"]
[BlackTeam "Kocaeli Buyuksehir Kagit"]
[WhiteFideId "6311482"]
[BlackFideId "6312829"]
[EventDate "2011.07.04"]

1. c4 Nf6 2. Nc3 e6 3. Nf3 d5 4. g3 a6 5. Bg2 d4 6. Na4 c5 7. O-O Ra7 8. b4 cxb4
9. Bb2 Nc6 10. e3 d3 11. Nd4 Bd7 12. Nb3 b6 13. c5 b5 14. Nb6 Be7 15. Nxd7 Qxd7
16. Nd4 Na5 17. a3 bxa3 18. Bc3 Qc7 19. Bxa5 Qxa5 20. Nc6 Qc7 21. Nxa7 Qxa7 22.
Bc6+ Nd7 23. Rxa3 O-O 24. Bxd7 Qxd7 25. Rxa6 Bxc5 26. Qb3 Be7 27. Rfa1 h6 28.
Ra7 Qd6 29. Qxb5 Bf6 30. R1a3 Rd8 31. Ra8 Rxa8 32. Rxa8+ Kh7 33. Ra7 Bc3 34. Rd7
Qc6 1-0

[Event "TCh-TUR 2nd League 2011"]
[Site "Konya TUR"]
[Date "2011.07.05"]
[Round "2"]
[White "Sobay, Kahraman"]
[Black "Kovchan, Alexander"]
[Result "1/2-1/2"]
[BlackTitle "GM"]
[WhiteElo "2107"]
[BlackElo "2554"]
[WhiteTeam "Cenesuyu Plajyolu Kocaeli"]
[BlackTeam "Moda Istanbul"]
[WhiteFideId "6343120"]
[BlackFideId "14103052"]
[EventDate "2011.07.04"]

1. d4 Nf6 2. c4 g6 3. Nc3 d5 4. e3 Bg7 5. Qb3 c6 6. cxd5 cxd5 7. Nge2 O-O 8. Nf4
e6 9. Be2 b6 10. O-O Bb7 11. a4 a5 12. Bd2 Nc6 13. Rfd1 Bh6 14. Nd3 Rc8 15. Rac1
Re8 16. Be1 Bf8 17. Bf3 Nb4 18. Na2 Nxd3 19. Qxd3 Bc6 20. b3 Ba3 21. Rc2 Qe7 22.
Bc3 Bd7 23. Rdd2 Rc6 24. Ba1 Rec8 25. Rxc6 Rxc6 26. Rc2 Ne8 27. Be2 Nd6 28. Rxc6
Bxc6 29. Qc2 Qd7 30. Bc3 Ne4 31. Be1 Bf8 32. Bd3 Nd6 33. Nc3 Bg7 34. Ne2 Bb7 35.
Bc3 Qc6 36. Bb2 Qxc2 37. Bxc2 Ba6 38. Nc1 Bf8 39. Bc3 f6 40. f3 Kf7 41. Kf2 h6
42. g4 g5 43. Ne2 Bxe2 44. Kxe2 Ne8 45. e4 Bb4 46. Bb2 Nd6 47. Bd3 Nc8 48. exd5
exd5 49. Ba6 Ne7 50. Bc1 f5 51. Bb7 Kf6 52. Be3 Ke6 53. Kd3 Kf6 54. Ke2 Kg6 55.
Kd3 h5 56. h3 h4 57. Bc1 Bd6 58. Bd2 Kf6 59. Bc1 Bb4 60. Be3 Kg6 61. Bc1 Bd6 62.
Bd2 Ba3 63. Be3 Bb4 64. Bc1 Kf6 65. Be3 f4 66. Bc1 Ke6 67. Kc2 Kd6 68. Bb2 b5
69. Ba6 bxa4 70. bxa4 Nc6 71. Bb5 Nd8 72. Kd3 Ne6 73. Ke2 Kc7 74. Bd3 Nd8 75.
Bb5 Nb7 76. Bd3 Kc6 77. Bg6 Nd6 78. Kd3 Nc4 79. Bc1 Kd7 80. Bf7 Nb6 81. Kc2 Ke7
82. Bg8 Kf8 83. Be6 Ke7 84. Bg8 Nxa4 85. Bxd5 Nb6 86. Ba2 Kd6 87. Kd3 Nd5 88.
Bb3 Nc3 89. Bb2 Nd5 90. Ke4 Nb6 91. Kf5 a4 92. Ba2 a3 93. Ba1 Na4 94. Kxg5 Bc3
95. Bxc3 Nxc3 96. Bc4 Ne2 97. Kf6 Nxd4 98. g5 Nxf3 99. g6 Ne5 100. g7 Nxc4 101.
g8=Q Kc5 102. Qg5+ Kb4 103. Qxf4 a2 104. Qc1 Kb3 105. Kg5 Na3 106. Kxh4 Nb1 107.
Qe3+ Nc3 108. Qb6+ Ka3 109. Qa6+ Kb2 110. Qb7+ Ka3 111. Qa8+ Kb2 112. Qg2+ Kb3
113. Qb7+ Ka3 114. Qa6+ Kb2 115. Kg4 a1=Q 116. Qxa1+ Kxa1 117. Kf5 Ne2 118. h4
Ng3+ 119. Kg4 1/2-1/2

[Event "TCh-TUR 2nd League 2011"]
[Site "Konya TUR"]
[Date "2011.07.05"]
[Round "2"]
[White "Arman, Deniz"]
[Black "Tasan, Mehmet Askin"]
[Result "1-0"]
[WhiteTitle "FM"]
[WhiteElo "2310"]
[BlackElo "2015"]
[WhiteTeam "Moda Istanbul"]
[BlackTeam "Cenesuyu Plajyolu Kocaeli"]
[WhiteFideId "6302106"]
[BlackFideId "6300952"]
[EventDate "2011.07.04"]

1. e4 e5 2. Nf3 Nf6 3. d4 Nxe4 4. Bd3 d5 5. Nxe5 Bd6 6. O-O O-O 7. c4 c6 8. cxd5
cxd5 9. Nc3 Nxc3 10. bxc3 Qc7 11. f4 Qxc3 12. Be3 Qa5 13. Rc1 Qd8 14. Qf3 Be7
15. Qh5 f5 16. g4 Nd7 17. Rxc8 Rxc8 18. Bxf5 Nxe5 1-0

[Event "TCh-TUR 2nd League 2011"]
[Site "Konya TUR"]
[Date "2011.07.05"]
[Round "2"]
[White "Baycan, Alper"]
[Black "Erden, Kadir"]
[Result "1/2-1/2"]
[WhiteElo "1821"]
[BlackElo "2240"]
[WhiteTeam "Cenesuyu Plajyolu Kocaeli"]
[BlackTeam "Moda Istanbul"]
[WhiteFideId "6330622"]
[BlackFideId "6305776"]
[EventDate "2011.07.04"]

1. e4 d6 2. Nc3 g6 3. f4 Bg7 4. Nf3 a6 5. g3 b5 6. Bg2 Bb7 7. d3 Nf6 8. O-O O-O
9. h3 c5 10. g4 b4 11. Ne2 Nc6 12. Qe1 Ne8 13. f5 Ne5 14. Nf4 Nxf3+ 15. Bxf3 Nc7
16. Kh1 e6 17. fxe6 fxe6 18. Bg2 Qe7 19. Rb1 Rf7 20. Be3 Raf8 21. Qd2 e5 22. Ne2
Rxf1+ 23. Rxf1 Rxf1+ 24. Bxf1 Qf7 25. Bg2 Qxa2 26. c3 bxc3 27. Nxc3 Qf7 28. Ne2
Nb5 29. Qa5 Qc7 30. Qa2+ Kf8 31. Qc4 Qf7 32. Qa4 h6 33. Qa5 Kg8 34. Qd8+ Kh7 35.
Qh4 Qf6 36. g5 Qe7 37. Ng3 Kg8 38. Qg4 h5 39. Qd1 Nd4 40. Qa4 Kh7 41. Nf1 Qf7
42. Nd2 Nc6 43. Nc4 Qe7 44. Qb3 Nb4 45. Na5 Bc8 46. Bd2 Be6 47. Qa3 d5 48. Nb3
Nxd3 49. exd5 Bf5 50. Qxa6 Nf4 51. d6 Qxg5 52. Bxf4 exf4 53. Qe2 Qg3 54. Nxc5
Bxh3 55. d7 Bxg2+ 56. Qxg2 Qe1+ 57. Qg1 Qh4+ 58. Qh2 Qe1+ 59. Qg1 Qh4+ 60. Qh2
Qg5 61. Qg2 Qh4+ 62. Qh2 Qe1+ 63. Qg1 Qh4+ 64. Qh2 Qe1+ 65. Qg1 Qh4+ 66. Qh2
Qe1+ 67. Qg1 Qh4+ 1/2-1/2

[Event "TCh-TUR 2nd League 2011"]
[Site "Konya TUR"]
[Date "2011.07.05"]
[Round "2"]
[White "Kumkumoglu, Mehmet Baris"]
[Black "Ertekin, Oguzhan"]
[Result "1-0"]
[WhiteElo "2110"]
[BlackElo "1630"]
[WhiteTeam "Moda Istanbul"]
[BlackTeam "Cenesuyu Plajyolu Kocaeli"]
[WhiteFideId "6350852"]
[BlackFideId "6337481"]
[EventDate "2011.07.04"]

1. e4 d6 2. d4 Nf6 3. Nc3 g6 4. Bf4 Bg7 5. Nf3 O-O 6. Qd2 Re8 7. Bc4 c6 8. e5
dxe5 9. Nxe5 e6 10. Bg5 Nbd7 11. Nxd7 Qxd7 12. Bb3 b5 13. Bxf6 Bxf6 14. O-O-O
Bb7 15. Ne4 Qe7 16. f4 Rad8 17. Qe3 Bg7 18. h4 c5 19. Nxc5 Bxd4 20. Rxd4 Qxc5
21. Rhd1 Rxd4 22. Qxd4 Qxd4 23. Rxd4 Bxg2 24. Rd7 a5 25. a4 Bc6 26. Rc7 bxa4 27.
Bc4 Bd5 28. Bb5 Rb8 29. c4 Bf3 30. Bxa4 Rd8 31. Bd7 Rb8 32. Kc2 Kg7 33. Bxe6 Rb7
34. Rxb7 Bxb7 35. Bd7 Kf6 36. Kc3 Ke7 37. Bg4 f5 38. Be2 Kd6 39. Kd4 Bc6 40. c5+
Ke6 41. Bc4+ Kf6 42. Bd5 Bb5 43. c6 h6 44. Kc5 Ba6 45. Kb6 Bc8 46. Kc7 Ba6 47.
Kd7 g5 48. fxg5+ hxg5 49. hxg5+ Kxg5 50. c7 1-0

[Event "TCh-TUR 2nd League 2011"]
[Site "Konya TUR"]
[Date "2011.07.06"]
[Round "3"]
[White "Safarli, Eltaj"]
[Black "Tregubov, Pavel V."]
[Result "1/2-1/2"]
[WhiteTitle "GM"]
[BlackTitle "GM"]
[WhiteElo "2622"]
[BlackElo "2602"]
[WhiteTeam "Antalya Calli Antalya"]
[BlackTeam "Erbakir Denizli"]
[WhiteFideId "13402129"]
[BlackFideId "4115341"]
[EventDate "2011.07.04"]

1. e4 c5 2. Nf3 Nc6 3. Bb5 Nf6 4. Bxc6 dxc6 5. d3 Bg4 6. Nbd2 e6 7. h3 Bh5 8. b3
Qc7 9. Bb2 Nd7 10. Nc4 f6 11. g4 Bf7 12. e5 b5 13. Ncd2 fxe5 14. Qe2 Bd6 15.
O-O-O Rf8 16. Rhe1 O-O-O 17. Nxe5 Nxe5 18. Bxe5 Bxe5 19. Qxe5 Qxe5 20. Rxe5 Rd5
21. Re3 Bg8 22. c4 Rdd8 23. Ne4 Kc7 24. Nxc5 Rxf2 25. Rd2 Rxd2 26. Kxd2 bxc4 27.
bxc4 e5 28. Kc3 Re8 29. Re1 Kd6 30. Ne4+ Kc7 31. c5 Re7 32. Nd6 g6 33. a4 Kd7
34. Rf1 Bd5 35. Rf8 Ke6 36. h4 Bg2 37. Kc4 Bd5+ 38. Kb4 Bg2 39. a5 Bh3 40. g5
Kd5 41. Rd8 Rd7 42. Re8 Bf1 43. Nc4 Bxd3 44. Nxe5 Rb7+ 45. Kc3 Bb5 46. Ng4 Kxc5
47. Nf6 Ba4 48. Ne4+ Kd5 49. Nf6+ Kc5 1/2-1/2

[Event "TCh-TUR 2nd League 2011"]
[Site "Konya TUR"]
[Date "2011.07.06"]
[Round "3"]
[White "Karatekin, Tamer"]
[Black "Rasulov, Vugar Ural oglu"]
[Result "1-0"]
[WhiteTitle "FM"]
[BlackTitle "GM"]
[WhiteElo "2263"]
[BlackElo "2522"]
[WhiteTeam "Erbakir Denizli"]
[BlackTeam "Antalya Calli Antalya"]
[WhiteFideId "6301134"]
[BlackFideId "13402390"]
[EventDate "2011.07.04"]

1. c4 c5 2. Nc3 Nc6 3. Nf3 g6 4. e3 Bg7 5. d4 d6 6. h3 cxd4 7. exd4 Bf5 8. d5
Nb8 9. Nd4 Bd7 10. Be3 Nf6 11. Be2 O-O 12. O-O Na6 13. a3 Nc5 14. b4 Nce4 15.
Nxe4 Nxe4 16. Qd3 Nf6 17. Bf3 Ba4 18. Rac1 a6 19. Bd1 Bxd1 20. Rfxd1 Re8 21. a4
a5 22. b5 Nd7 23. Nb3 Qc7 24. c5 dxc5 25. d6 exd6 26. Qxd6 Qxd6 27. Rxd6 Re7 28.
Nxc5 Nxc5 29. Rxc5 Re4 30. Rcd5 Be5 31. Rd7 Bf6 32. Rxb7 Rxa4 33. b6 Ra1+ 34.
Kh2 a4 35. Ra7 Rb8 36. Rb5 g5 37. b7 Be7 38. Bc5 Re1 39. Ra8 1-0

[Event "TCh-TUR 2nd League 2011"]
[Site "Konya TUR"]
[Date "2011.07.06"]
[Round "3"]
[White "Laciner, Kerem"]
[Black "Miyak, Burak"]
[Result "0-1"]
[WhiteTitle "FM"]
[WhiteElo "2307"]
[BlackElo "2151"]
[WhiteTeam "Antalya Calli Antalya"]
[BlackTeam "Erbakir Denizli"]
[WhiteFideId "6301550"]
[BlackFideId "6300618"]
[EventDate "2011.07.04"]

1. d4 d5 2. c4 e6 3. Nc3 Nf6 4. cxd5 exd5 5. Bg5 Be7 6. e3 c6 7. Bd3 Nbd7 8. Qc2
O-O 9. Nge2 Re8 10. f3 Nf8 11. O-O g6 12. Kh1 Ne6 13. Bh4 Nh5 14. Bf2 f5 15.
Rab1 b6 16. b4 Bb7 17. Bg1 Bd6 18. e4 f4 19. b5 Rc8 20. bxc6 Bxc6 21. Qb3 Nc7
22. Nb5 Nxb5 23. Bxb5 Bf8 24. Bxc6 Rxc6 25. Rfc1 Rxc1 26. Rxc1 Kh8 27. e5 Bh6
28. Bf2 Qd7 29. Nc3 Rc8 30. Re1 Rc4 31. e6 Qc6 32. e7 Nf6 33. Nxd5 Ne8 34. Nb4
Qb5 35. Nd3 Qxb3 36. axb3 Rc3 37. Ne5 Bg7 38. Nc4 Rd3 39. Re4 Kg8 40. Rxf4 Rd1+
41. Bg1 g5 42. Re4 b5 43. Ne5 a5 44. g3 a4 45. bxa4 bxa4 46. Nc4 Rd3 47. Nb2 Ra3
48. Re6 Ra1 49. Ra6 Bxd4 50. Kg2 Rxg1+ 51. Kh3 Bxb2 52. Rxa4 Bf6 53. Kg4 Bxe7
54. Ra8 Kf7 55. Ra7 Rh1 56. Ra2 Kg6 57. Re2 Nf6+ 58. Kh3 Bb4 59. Rb2 Be7 60. Kg2
Ra1 61. Re2 Bc5 62. Rc2 Ba7 63. h3 Rg1+ 64. Kh2 Rb1 65. Kg2 Bd4 66. h4 gxh4 67.
Rc4 Rg1+ 68. Kh3 Rxg3+ 69. Kxh4 Bf2 0-1

[Event "TCh-TUR 2nd League 2011"]
[Site "Konya TUR"]
[Date "2011.07.06"]
[Round "3"]
[White "Polatel, Ali"]
[Black "Eminov, Orkhan"]
[Result "1-0"]
[WhiteElo "2131"]
[BlackElo "2245"]
[WhiteTeam "Erbakir Denizli"]
[BlackTeam "Antalya Calli Antalya"]
[WhiteFideId "6303196"]
[BlackFideId "13402153"]
[EventDate "2011.07.04"]

1. Nf3 Nf6 2. c4 b6 3. g3 Bb7 4. Bg2 c5 5. Nc3 e6 6. O-O Be7 7. Re1 O-O 8. e4 d6
9. d4 cxd4 10. Nxd4 Qc8 11. Be3 Nbd7 12. f4 Rd8 13. Rc1 Bf8 14. g4 Nc5 15. Bf2
e5 16. Nf5 exf4 17. b4 Ne6 18. Nd5 Qd7 19. Bh4 Bxd5 20. cxd5 Nc7 21. Bh3 Kh8 22.
Qd4 Nce8 23. g5 Ng8 24. Rc3 Ne7 25. Nh6 Qa4 26. Nxf7+ Kg8 27. Be6 Rdb8 28. g6 h5
29. Rh3 Nxg6 30. Bd8 h4 31. Qf2 Nf6 32. Ng5+ Kh8 33. Qxh4+ 1-0